000 00689nam a22002057a 4500
003 OSt
005 20220915170947.0
008 220915b |||||||| |||| 00| 0 eng d
020 _a4-89379-087-0
040 _cBiblioteca Lado V
082 _a708.52
_bH675t
100 _aHitoshi, Hakuto
245 _aThe Collection of 21st Century Museum of Contemporary Art, Kanazawa/
260 _aJapon
_bHashimoto Kakubundo Co.
_c2004
300 _a216p.
_c15x21cm
650 _2Tesauro de Arte & Arquitectura
_aCOLECCION
651 _2Tesauro de Arte & Arquitectura
_aARTE MODERNO
651 _2Tesauro de Arte & Arquitectura
_aJAPON
942 _2ddc
_c1
_h708.52
_iH675t
_n0
999 _c2038
_d2038